Ulice Zalesia bez mapy - Statystyki

Ogólne statystyki
  • Ten quiz został rozwiązany 24 razy
  • Średni wynik to 10 z 21
Statystyki odpowiedzi
Odpowiedź % Poprawnych
Polna
83%
Słoneczna
83%
Dębowa
67%
III Maja
67%
Ogrodowa
67%
Adama Mickiewicza
50%
Łąkowa
50%
Graniczna
50%
Warszawska
50%
Akacjowa
33%
Grabowa
33%
Horbowska
33%
Kościelna
33%
Krańcowa
33%
Krótka
33%
Krzywa
33%
Podleśna
33%
Północna
33%
Starowiejska
33%
Stawy
33%
Szkolna
33%
Nie znaleziono quizów pasujących do podanych kryteriów
Rozkład punktacji
Procent ludzi z każdym wynikiem
Percentyl według liczby udzielonych odpowiedzi
Twoja historia wyników
Nie rozwiązałeś tego quizu